Normal view
MARC view
- Jan, Asadullah
Entry Personal Name
001 - CONTROL NUMBER
- control field: 122006
003 - CONTROL NUMBER IDENTIFIER
- control field: NUST
005 - DATE AND TIME OF LATEST TRANSACTION
- control field: 20240307151943.0
008 - FIXED-LENGTH DATA ELEMENTS
- fixed length control field: 240307|| aca||aabn | a|a d
040 ## - CATALOGING SOURCE
- Original cataloging agency: NUST
- Transcribing agency: NUST
100 ## - HEADING--PERSONAL NAME
- Personal name: Jan, Asadullah
670 ## - SOURCE DATA FOUND
- Source citation: Work cat.: (NUST): Jan, Asadullah , Design, analysis and optimization of lattice structure for additive manufacturing of aerospace components /
